00651nam a2200133Ia 4500008004100000020001400041040004400055100002200099245005900121260003400180300002100214500004100235600024100276180412s9999||||xx |||||||||||||| ||und|| a471933880 aAhmadu Bello University Library - Zaria aLEONARD, Brian E. 0aFundermentals of psychopharmacology.cBrian E. Leonard bJohn Wiley; Chichester.c1992 axii, 267p.; ill. aIncludes bibliographical references. aDrugs acting on the nervous system. Anodynes, analgesics, sedatives, depressants, hypnotics, narcotics, depresso-motors, excito-motors, stimulants, antispasmodics, etc.[PA.RB, UI.RB].SeealsoFLF, GF Drug addiction. Anaesthetics. See VID.